000 01080nam a2200277 4500
001 0000017621
003 CO-CtgCURN
005 20250429224117.0
007 ta
008 160627s2000 000 0 eng d
020 _a958964886
040 _aCO-CtgCURN
_bspa
_ccoctgcurn
082 0 _a350
_bE18
111 2 _aEncuentro Iberoamericano del Tercer Sector : Colombia 2000
_cBogotá, Colombia :
_f2000.
245 1 3 _aLo publico una pregunta desde la sociedad civil :
_bMemorias.
260 _aBogotá :
_bQuebecor,
_c2000.
300 _a658 p.
336 _2rdacontent
337 _2rdamedia
_asin mediacion
_bn
338 _2rdacarrier
_avolumen
_bnc
505 8 _aLo publico.--Responsabilidad empresarial.--La organizacion : oportunidad y desafio.--Gerencia social.--Medios de comunicación : la opcion por lo social.--Cooperacion internacional.--La incidencia del tercer sector en la sociedad.--Clausura
650 1 4 _aSociología política.
908 _a160627
942 _cBK
_h350
_iE18
_2ddc
999 _c39300
_d39300